000 00291nam a2200121Ia 4500
008 191201s2009 xx 000 0 und d
100 _aSAHANI, A.J.S
245 0 _aGyan Sagar
260 _aDelhi
_bGanga International School
_c2009
300 _a149
650 _aGeneral Books
942 _2ddc
_cBK
999 _c494
_d494